العلاقات الاقتصادية بين مصر والعالم الخارجي : (Record no. 14874)
[ view plain ]
| 000 -الفاتح | |
|---|---|
| حقل البيانات ثابتة الطول | 01020nam a22001937a 4500 |
| 008 - عناصر البيانات ثابتة الطول - معلومات عامة | |
| حقل البيانات ثابتة الطول | 101209s2005 ua|||||r|||| 000 0 ara d |
| 020 ## - الرقم الدولى المعيارى للكتب | |
| الرقم الدولى المعيارى للكتاب | 9770909653 |
| 082 ## - رقم تصنيف ديوى العشرى | |
| رقم التصنيف | 382.0962 |
| رقم المادة | س ل ي |
| 100 ## - المدخل الرئيسى - إسم شخصى | |
| 9 (RLIN) | 21478 |
| الإسم الشخصى | سليمان، علي عبد العزيز |
| 245 ## - بيان العنوان | |
| العنوان | العلاقات الاقتصادية بين مصر والعالم الخارجي : |
| بقية العنوان | الواقع وآفاق المستقبل حتى عام 2020 / |
| بيان المسئوليه,etc | علي عبد العزيز سليمان |
| 260 ## - PUBLICATION, DISTRIBUTION, ETC. (IMPRINT) | |
| مكان الناشر او الموزع | القاهرة : |
| اسم الناشر او الموزع | دار الشروق ، 2005 |
| تاريخ النشر أو التوزيع | 2005 |
| 300 ## - الوصف المادى | |
| التعداد | 211 ص : |
| تفاصيل ماديه اخرى للوعاء | أيض ؛ |
| أبعاد الوعاء | 26 سم |
| 490 ## - بيان السلسلة | |
| -- | 21479 |
| عنوان السلسلة | مكتبة مصر 2020 |
| 504 ## - تبصرة ببليوجرافية | |
| تبصرة ببليوجرافية,الخ | يشتمل على ببليوجرافية: ص207-211 وملاحق وجداول |
| 541 ## - تبصرة المصدر المباشر للتزويد | |
| مصدر التزويد | د. علي عبد العزيز سليمان ؛ |
| طريقة التزويد | إهداء ؛ |
| 651 ## - المدخل الاضافى بالموضوع - اسم جغرافى | |
| 9 (RLIN) | 21480 |
| الاسم الجغرافي | مصر |
| التقسيم الفرعي العام | العلاقات الاقتصادية |
| 942 ## - عناصر المدخل الإضافي( كوها) | |
| مصدر التصنيف او مخطط الترفيف | Dewey Decimal Classification |
| Koha [default] item type | Book - Borrowing |
| حالة التراجع | حالة الفقد | مصدر التصنيف او خطة الترفيف | حالة تلف | ليس للاعارة | مجموعات كوها | المكان الدائم | المكان الحالي | موقع الترفيف | تاريخ الاكتساب | Source of acquisition | رقم الاستدعاء | الباركود | Date last seen | نوع الوعاء |
|---|---|---|---|---|---|---|---|---|---|---|---|---|---|---|
| Dewey Decimal Classification | Central Library | Central Library | First floor | 09/12/2010 | Donation | 382.0962 س ل ي | 000022697 | 15/07/2025 | NB - Book (Non borrowing) |